|
|
|
|
| LEADER |
02621nam a2200685 i 4500 |
| 001 |
nkc20182994542 |
| 003 |
CZ PrNK |
| 005 |
20240712103353.0 |
| 007 |
ta |
| 008 |
180426s2018 xr a f 001 0 cze |
| 015 |
|
|
|a cnb002994542
|
| 020 |
|
|
|a 978-80-210-8951-8
|q (brožováno)
|
| 035 |
|
|
|a (OCoLC)1051235905
|
| 040 |
|
|
|a ABA001
|b cze
|d BOA001
|e rda
|
| 041 |
0 |
|
|a cze
|b eng
|
| 072 |
|
7 |
|a 159.9
|x Psychologie
|2 Konspekt
|9 17
|
| 080 |
|
|
|a 141.21
|2 MRF
|
| 080 |
|
|
|a 141.22
|2 MRF
|
| 080 |
|
|
|a 159.9
|2 MRF
|
| 080 |
|
|
|a 159.9:613
|2 MRF
|
| 080 |
|
|
|a 613
|2 MRF
|
| 080 |
|
|
|a 159.9.07
|2 MRF
|
| 080 |
|
|
|a (048.8)
|2 MRF
|
| 100 |
1 |
|
|a Dosedlová, Jaroslava,
|d 1969-
|7 mzk2005317784
|4 aut
|
| 245 |
1 |
0 |
|a Optimismus a jeho role v kontextu zdraví /
|c Jaroslava Dosedlová
|
| 250 |
|
|
|a Vydání první
|
| 264 |
|
1 |
|a Brno :
|b Filozofická fakulta, Masarykova univerzita,
|c 2018
|
| 300 |
|
|
|a 165 stran :
|b ilustrace ;
|c 23 cm
|
| 336 |
|
|
|a text
|b txt
|2 rdacontent
|
| 337 |
|
|
|a bez média
|b n
|2 rdamedia
|
| 338 |
|
|
|a svazek
|b nc
|2 rdacarrier
|
| 490 |
1 |
|
|a Spisy Filozofické fakulty Masarykovy univerzity =
|a Opera Facultatis philosophicae Universitatis Masarykianae,
|x 1211-3034 ;
|v 480
|
| 500 |
|
|
|a 200 výtisků
|
| 504 |
|
|
|a Obsahuje bibliografii a rejstřík
|
| 546 |
|
|
|a Anglické resumé
|
| 650 |
0 |
7 |
|a optimismus
|7 ph337763
|2 czenas
|
| 650 |
0 |
7 |
|a optimismus
|7 ph337763
|x psychologické pojetí
|2 czenas
|
| 650 |
0 |
7 |
|a pesimismus
|7 ph398856
|2 czenas
|
| 650 |
0 |
7 |
|a pesimismus
|7 ph398856
|x psychologické pojetí
|2 czenas
|
| 650 |
0 |
7 |
|a psychologie zdraví
|7 ph124815
|2 czenas
|
| 650 |
0 |
7 |
|a péče o zdraví
|7 ph124852
|2 czenas
|
| 650 |
0 |
7 |
|a psychologický výzkum
|7 ph124806
|2 czenas
|
| 650 |
0 |
9 |
|a optimism
|2 eczenas
|
| 650 |
0 |
9 |
|a optimism
|x psychological aspects
|2 eczenas
|
| 650 |
0 |
9 |
|a pessimism
|2 eczenas
|
| 650 |
0 |
9 |
|a pessimism
|x psychological aspects
|2 eczenas
|
| 650 |
0 |
9 |
|a health psychology
|2 eczenas
|
| 650 |
0 |
9 |
|a health care
|2 eczenas
|
| 650 |
0 |
9 |
|a psychological research
|2 eczenas
|
| 655 |
|
7 |
|a monografie
|7 fd132842
|2 czenas
|
| 655 |
|
9 |
|a monographs
|2 eczenas
|
| 810 |
2 |
|
|a Masarykova univerzita.
|b Filozofická fakulta.
|t Spisy
|0 s
|
| 910 |
2 |
|
|a BOA001
|b 2-1410.992
|
| 928 |
9 |
|
|a Masarykova univerzita
|
| 990 |
|
|
|a BK
|
| 995 |
|
|
|a 01
|
| 991 |
|
|
|b 201808
|c NOV
|
| 996 |
6 |
|
|b 2610750097
|c 2-1410.992
|l MZK
|r Sklad / do 1 hodiny
|n 0
|p p.v.
|w 001675939
|u 000010
|a 1
|e BOA001
|j MZK50
|s P
|
| 996 |
7 |
|
|b 2610750098
|c 2-1410.992
|l Vol.výběr
|r VV 0p
|n 12
|p p.v.
|h 159.9 DOS
|w 001675939
|u 000020
|a 0
|e BOA001
|j MZK50
|s A
|
| 996 |
7 |
|
|b 2610924199
|c 2-1410.992
|l Vol.výběr
|r VV 0p
|n 1
|p kup
|h 159.9 DOS
|w 001675939
|u 000030
|a 0
|e BOA001
|j MZK50
|s A
|